000 01113nas a2200373 4500
001 BR0003595
003 BR-BrBNA
005 20231205101943.0
007 ta
008 230509b bl.|||p| |||| 00| 00por d
040 _aBR-BrBNA
_bpor
_cBiblioteca Nacional de Agricultura
041 _a(Pt)
072 _aL53; L10
100 1 _aMartinez, M.L.
100 1 _aVerneque, R. da S.
100 1 _aTeodoro, R.L.
100 1 _aPaula, L.R. de O.
100 1 _aCruz, M.
100 1 _aCampos, J. de P.
100 1 _aRodrigues, L.H.
100 1 _aOliveira, J. de
100 1 _aVieira, F.
100 1 _aBruschi, J.H.
100 1 _aDuraes, M.C.
245 1 _aCorrelacoes entre caracteristicas da qualidade do semen e a circunferencia escrotal de reprodutores da raca Gir
650 _aGado Gir
650 _aSemen
650 _aQualidade
650 _aAparelho Reprodutor
650 _aMetodo Estatistico
773 0 _tRevista Brasileira de Zootecnia (Brazil)
_xISSN 1516-3598
_g(May-Jun 2000), v. 29(3) p. 700-706
_wBR0003595
909 _a202311
_bLúcia
_c55
_dLúcia Elande
942 _2AGRIS
_n0
_cANA
999 _c164916
_d164916